• 首页
  • 本馆介绍
  • 公告通知
  • 最新文献
  • 馆藏检索
  • 电子资源
  • 读者导购
  • 参考咨询
  • 我的图书馆
  • 登录
  • 详细信息显示
  • 放入我的书架
  • 预约/预借图书
  • 作者相关作品
  • 分类相关作品
  • 丛书相关作品
  • 出版社相关作品

书目信息

  • 表格格式
  • 工作单格式
  • 卡片格式
题名:
思想道德与法律基础
    
 
作者: 肖璐 , 杨楠 , 李楠 主编
分册:  
出版信息: 成都   电子科技大学出版社  2018
页数: 185页
开本: 26cm
丛书名:
单 册:
中图分类: G641.6 , D920.0
科图分类:
主题词: 思想修养--si xiang xiu yang--高等教育--教材 , 法律--fa lv--中国--高等教育--教材
电子资源:
ISBN: 978-7-5647-6235-3
000 01043nam0 2200301 450
001 012001008817
005 20191024154742.0
010    @a978-7-5647-6235-3@dCNY38.00
099    @aCAL 012019069275
100    @a20190528d2018 em y0chiy50 ea
101 0  @achi
102    @aCN@b510000
105    @ay z 000yy
106    @ar
200 1  @a思想道德与法律基础@Asi xiang dao de yu fa lv ji chu@f主编肖璐, 杨楠, 李楠
210    @a成都@c电子科技大学出版社@d2018
215    @a185页@d26cm
300    @a普通高等教育“十三五”规划教材
330    @a本书共分七章,内容包括:新起点,新形象;树立人生观,明确人生目的;继承优良传统,发扬中华民族精神;树立职业精神,坚持职业美德;树立宪法观念,遵守宪法规定等。
606 0  @a思想修养@Asi xiang xiu yang@x高等教育@j教材
606 0  @a法律@Afa lv@y中国@x高等教育@j教材
690    @aG641.6@v5
690    @aD920.0@v5
701  0 @a肖璐@Axiao lu@4主编
701  0 @a杨楠@Ayang nan@4主编
701  0 @a李楠@Ali nan@4主编
801  0 @aCN@b上海新华@c20191020
905    @b1185949-52@dG641.6@e1149@f4
    
    思想道德与法律基础/主编肖璐, 杨楠, 李楠.-成都:电子科技大学出版社,2018
    185页;26cm
    普通高等教育“十三五”规划教材
    
    ISBN 978-7-5647-6235-3:CNY38.00
    本书共分七章,内容包括:新起点,新形象;树立人生观,明确人生目的;继承优良传统,发扬中华民族精神;树立职业精神,坚持职业美德;树立宪法观念,遵守宪法规定等。
●
相关链接 在E读中查询图书 在五车中查询图书 在当当中查询图书 在豆瓣中查询图书


正题名:思想道德与法律基础     索取号:G641.6/1149         预约/预借

序号 登录号 条形码 馆藏地/架位号 状态 备注
1 1185949   211859498   第一样本阅览室/ [索取号:G641.6/1149] 在馆    
2 1185950   211859504   第四借阅区/ [索取号:G641.6/1149] 在馆    
3 1185951   211859513   第四借阅区/ [索取号:G641.6/1149] 在馆    
4 1185952   211859522   第四借阅区/ [索取号:G641.6/1149] 在馆    
唐山师范学院图书馆 欢迎您!
大连网信软件有限公司© 版权所有